000 00699nam a2200193 i 4500
001 122090
003 ES-MaACL
005 20230906191915.0
007 t|
008 070214s1913 mx |||| | spa d
100 1 _aPrieto, Antonio.
_993874
245 1 0 _aDepuración biológica de las aguas sucias y desechos humanos /
_cpor Antonio Prieto ; con un prólogo de Agustín Aragón y Leopoldo Salazar Salinas.
260 _aMéxico :
_b[s. n.],
_c1913 (
_fTip. Económica)
300 _a13 p., 11 h. de lám. ;
_c24 cm.
650 4 _aAguas residuales-
_xTratamiento.
_9169385
700 1 _aAragón, Agustín.
_922170
700 1 _aSalazar Salinas, Leopoldo.
_9158995
852 _aES-MaACL
_j1565-F-10
999 _c122090
_d122090